Свобода (Запис № 423868)

МАРК-запис
000 -Лідер
fixed length control field 00833nam a22001937a 4500
003 - Ідентифікатор контрольного номера
control field UA-OsUOA
001 - Контрольний номер
control field 44020
007 - Фіксоване поле фізичного опису
fixed length control field ta
008 - Елементи даних фіксованої довжини – загальна інформація
fixed length control field 20091223b un ||||| |||| 00| 0 ukr d
090 ## - Локальний шифр розміщення
Класифікаційний індекс УДК 050
Авторський знак (НП) С25
040 ## - Джерело каталогізації
Агенція оригінальної каталогізації UA-OsUOA
Мова каталогізації ukr
Агенція, яка здійснювала перезапис UA-OsUOA
Агенція, яка здійснювала модифікацію UA-OsUOA
041 ## - Код мови
Код мови тексту/ звукової доріжки чи окремого заголовка (П) ukr
080 ## - Індекс Універсальної десяткової класифікації
Індекс Універсальної десяткової класифікації (УДК) (НП) 050
245 ## - Відомості про назву
Назва (НП) Свобода
Решта назви (НП) 2009: 16 січня Ч.3; 23 січня Ч.4; 30 січня Ч.5; 6 лютого Ч.6; 13 лютого Ч.7; 20 лютого Ч.8; 27 лютого Ч.9; 6 березня Ч.10; 13 березня Ч.11; 20 березня Ч.12; 27 березня Ч.13; 3 квітня Ч.14;
650 #7 - Додаткове предметне введення – тематичний термін
Тематичний термін чи географічна назва, як елемент введення (НП) 050 Серійні публікації. Періодика галузі, Організація та інші типи поєднання (співробітництва)
Джерело заголовка чи терміна UDC
942 ## - Додаткові елементи входу (Коха)
Тип елемента Koha Газета
955 ## - Код типу видання за змістом
Код типу видання за змістом (НП) Науково-популярні видання

Немає доступних примірників.